| 000 | 00919nam a22002297a 4500 | ||
|---|---|---|---|
| 999 |
_c63959 _d63959 |
||
| 003 | Ge_BSU | ||
| 005 | 20260227103600.0 | ||
| 008 | 260227s2000 enk||||| |||| 00| 0 eng d | ||
| 020 | _a9780312228477x | ||
| 041 | _aeng | ||
| 080 | _a341.123.043 : 327(520) D-81 | ||
| 100 |
_aDrifte, Reinhard. _927004 |
||
| 245 |
_aJapan's quest for a permanent security council seat : _bA matter of pride or justice? / _cReinhard Drifte. |
||
| 264 |
_aOxford : _bSt. Antony's college, _c2000. |
||
| 300 |
_a269 p. ; _b22 cm. |
||
| 440 |
_aSt. Antony's ser _927005 |
||
| 504 | _aBibliogr.: p. 246-260. | ||
| 653 | _aგაეროს უშიშროების წევრები. | ||
| 653 | _aიაპონია-გაეროს ურთიერთობები | ||
| 653 | _aიაპონიის საერთაშორისო ურთიერთობები | ||
| 942 |
_2udc _cᲬᲘᲒᲜᲘ |
||